000 00558nam a2200217Ia 4500
005 20250508165053.0
008 008 250505s9999 xx 000 0 hin d
020 _a81-7201-147-4
037 _aTextual
040 _aFEDL
_beng
_cFEDL
041 _ahin
_2hin
084 _a891.433, JEE
_qFEDL
100 _aJeelani Bano
245 0 _aKrishan Chander
260 _aNew Delhi, India
_bSahitya Akademi
_c1991
300 _a55p.
365 _aINR
_b10
546 _aMACESE
942 _cTEXL
_h891.433, JEE
999 _c1392972
_d1392972